[Event "LVIII C.to Italiano"]
[Site "Saint Vincent - Chatillon ITA"]
[Date "1998.11.28"]
[Round "8"]
[White "Efimov, Igor"]
[Black "Borgo, Giulio"]
[Result "1-0"]
[WhiteElo "2530"]
[BlackElo "2445"]
[PlyCount "101"]
[EventDate "1998.11.21"]

1.d4 d5 2.Nf3 c6 3.g3 g6 4.Bg2 Bg7 5.O-O Nd7 6.Nbd2 Ngf6 7.b3 O-O 8.Bb2 b6
9.c4 Bb7 10.e3 Rc8 11.Qe2 Qc7 12.Rfc1 Qb8 13.b4 e6 14.a4 Ba6 15.b5 Bb7 16.
Ba3 Rfe8 17.cxd5 cxd5 18.Qd1 Rxc1 19.Rxc1 Rc8 20.Bf1 Rxc1 21.Qxc1 Qc8 22.
Qxc8+ Bxc8 23.Ne1 Bf8 24.Bxf8 Kxf8 25.Nc2 Ke7 26.Nb4 Nb8 27.f3 Ne8 28.e4 
Nc7 29.e5 f6 30.f4 f5 31.Kf2 Bd7 32.h3 Be8 33.g4 h6 34.Kg3 Kf7 35.Be2 Kg7 
36.Nf1 Bd7 37.Ne3 Bc8 38.h4 fxg4 39.Nxg4 h5 40.Nf6 Nd7 41.Nc6 Nxf6 42.
exf6+ Kxf6 43.Nxa7 Bb7 44.Bd3 Ne8 45.Nc6 Bxc6 46.bxc6 Nd6 47.c7 Ke7 48.
Bxg6 Kd7 49.Bxh5 b5 50.axb5 Nxb5 51.Be8+ 1-0

[Event "LVIII C.to Italiano"]
[Site "Saint Vincent - Chatillon ITA"]
[Date "1998.11.28"]
[Round "8"]
[White "Fabiano, Giuseppe"]
[Black "Godena, Michele"]
[Result "1/2-1/2"]
[WhiteElo "2265"]
[BlackElo "2510"]
[PlyCount "131"]
[EventDate "1998.11.21"]

1.Nf3 d6 2.d4 Bg4 3.c4 Nd7 4.Nc3 e6 5.e4 Be7 6.Be2 c6 7.O-O Bxf3 8.Bxf3 
Ngf6 9.b3 O-O 10.Bb2 a6 11.Qe2 e5 12.d5 Ne8 13.Bg4 c5 14.Bxd7 Qxd7 15.a4 
Bg5 16.Kh1 Nc7 17.a5 Rab8 18.Na4 Na8 19.g3 b5 20.axb6 Nxb6 21.Nc3 Qc8 22.
f4 Bf6 23.f5 Nd7 24.Qc2 Bg5 25.Rf3 Nf6 26.h3 h5 27.Ne2 Rb6 28.Rg1 Qb7 29.
Bc1 Nh7 30.f6 Bxf6 31.g4 hxg4 32.Rxg4 Rb8 33.Bh6 Rxb3 34.Rxf6 Nxf6 35.
Rxg7+ Kh8 36.Qd2 Rxh3+ 37.Kg2 Rh5 38.Ng3 Qb2 39.Nxh5 Nxh5 40.Rxf7 Qxd2+ 
41.Bxd2 Rb2 42.Rf2 Kh7 43.Kf3 Nf6 44.Rg2 Rc2 45.Re2 Kg6 46.Rg2+ Kf7 47.Re2
Rxc4 48.Bg5 Rc3+ 49.Kg2 Kg6 50.Bxf6 Kxf6 51.Ra2 Kg5 52.Rxa6 Kf4 53.Rxd6 
Kxe4 54.Rd8 Rd3 55.d6 Rd5 56.d7 Kd3 57.Rc8 Rxd7 58.Rxc5 Kd4 59.Ra5 Rf7 60.
Ra3 e4 61.Ra4+ Kd3 62.Ra3+ Kc2 63.Re3 Re7 64.Kf2 Kd2 65.Re2+ Kd3 66.Re3+ 
1/2-1/2

[Event "LVIII C.to Italiano"]
[Site "Saint Vincent - Chatillon ITA"]
[Date "1998.11.28"]
[Round "8"]
[White "Genocchio, Daniele"]
[Black "Vezzosi, Paolo"]
[Result "1-0"]
[WhiteElo "2195"]
[BlackElo "2325"]
[PlyCount "65"]
[EventDate "1998.11.21"]

1.e4 Nf6 2.e5 Nd5 3.c4 Nb6 4.c5 Nd5 5.Nc3 Nxc3 6.dxc3 d6 7.cxd6 exd6 8.Bf4
d5 9.Bd3 Be7 10.Ne2 Nc6 11.O-O Be6 12.b4 a6 13.a4 O-O 14.Bg3 Qd7 15.Qc2 g6
16.b5 axb5 17.Bxb5 Bc5 18.Nd4 Bxd4 19.cxd4 Nxd4 20.Qd2 Nxb5 21.axb5 Rxa1 
22.Rxa1 Qxb5 23.Bh4 f5 24.Bf6 Rc8 25.Qh6 Qd7 26.h4 Qf7 27.h5 Qf8 28.Qg5 
Bf7 29.e6 Be8 30.h6 Qd6 31.Bc3 Qd8 32.Qe3 Kf8 33.Qd4 1-0

[Event "LVIII C.to Italiano"]
[Site "Saint Vincent - Chatillon ITA"]
[Date "1998.11.29"]
[Round "9"]
[White "Caposciutti, Maurizio"]
[Black "Fabiano, Giuseppe"]
[Result "1/2-1/2"]
[WhiteElo "2360"]
[BlackElo "2265"]
[PlyCount "23"]
[EventDate "1998.11.21"]

1.Nf3 Nf6 2.c4 d6 3.d4 Nbd7 4.g3 e5 5.Nc3 g6 6.Bg2 Bg7 7.O-O O-O 8.h3 Re8 
9.dxe5 dxe5 10.Be3 Qe7 11.Rc1 c6 12.Qd2 1/2-1/2

[Event "LVIII C.to Italiano"]
[Site "Saint Vincent - Chatillon ITA"]
[Date "1998.11.29"]
[Round "9"]
[White "Godena, Michele"]
[Black "Genocchio, Daniele"]
[Result "1-0"]
[WhiteElo "2510"]
[BlackElo "2195"]
[PlyCount "71"]
[EventDate "1998.11.21"]

1.e4 c5 2.c3 d5 3.exd5 Qxd5 4.d4 Nf6 5.Nf3 Bg4 6.dxc5 Qxd1+ 7.Kxd1 e5 8.b4
e4 9.h3 Bh5 10.g4 Nxg4 11.hxg4 Bxg4 12.Nd2 exf3 13.Bd3 Nc6 14.Re1+ Be7 15.
Be4 Rd8 16.Kc2 Ne5 17.Nb3 O-O 18.Bf4 Nc4 19.Nd4 Bh4 20.Rh1 g5 21.Rxh4 gxh4
22.Bxb7 Rfe8 23.Rg1 h5 24.Bxf3 f5 25.Bc6 Rxd4 26.cxd4 Re2+ 27.Kc3 Rxf2 28.
Bc1 h3 29.Kxc4 h2 30.Rh1 h4 31.b5 Kg7 32.Be3 Be2+ 33.Kc3 Rf1 34.Rxh2 Bf3 
35.Rxh4 a6 36.a4 1-0

[Event "LVIII C.to Italiano"]
[Site "Saint Vincent - Chatillon ITA"]
[Date "1998.11.29"]
[Round "9"]
[White "Tatai, Stefano"]
[Black "Arlandi, Ennio"]
[Result "1/2-1/2"]
[WhiteElo "2395"]
[BlackElo "2440"]
[PlyCount "25"]
[EventDate "1998.11.21"]

1.d4 f5 2.g3 Nf6 3.Nf3 g6 4.Bg2 Bg7 5.O-O O-O 6.c4 d6 7.Nc3 Qe8 8.Nd5 Nxd5
9.cxd5 Qb5 10.Qb3 Qxb3 11.axb3 c6 12.dxc6 bxc6 13.Bd2 1/2-1/2

[Event "LVIII C.to Italiano"]
[Site "Saint Vincent - Chatillon ITA"]
[Date "1998.11.29"]
[Round "9"]
[White "Vezzosi, Paolo"]
[Black "Efimov, Igor"]
[Result "1/2-1/2"]
[WhiteElo "2325"]
[BlackElo "2530"]
[PlyCount "23"]
[EventDate "1998.11.21"]

1.e4 e5 2.Nf3 Nc6 3.Bb5 a6 4.Ba4 Nf6 5.O-O b5 6.Bb3 Be7 7.Re1 O-O 8.c3 d6 
9.h3 Bb7 10.d4 Re8 11.Ng5 Rf8 12.Nf3 1/2-1/2

[Event "Weekend Vitinia"]
[Site "Roma ITA"]
[Date "1998.11.??"]
[Round "1"]
[White "Corvi, Marco"]
[Black "Gardon, Ermanno"]
[Result "1-0"]
[WhiteElo "2305"]
[BlackElo "2110"]
[PlyCount "37"]
[EventDate "1998.11.07"]

1. c4 Nf6 2. Nc3 e5 3. g3 d5 4. cxd5 Nxd5 5. Bg2 Be6 6. Nf3 Nc6 7. O-O Be7 8.
d4 Bf6 9. dxe5 Nxc3 10. bxc3 Nxe5 11. Nxe5 Bxe5 12. Bxb7 Bh3 13. Qa4+ Kf8 14.
Ba3+ Kg8 15. Rfd1 Qe8 16. Qe4 Rb8 17. Bc6 Qe6 18. Bd7 Qf6 19. Bxh3 1-0

[Event "Weekend Vitinia"]
[Site "Roma ITA"]
[Date "1998.11.??"]
[Round "1"]
[White "De Carolis, Massimo"]
[Black "Siraco, Maurizio"]
[Result "0-1"]
[WhiteElo "1726"]
[BlackElo "2165"]
[PlyCount "70"]
[EventDate "1998.11.07"]

1. d4 Nf6 2. c4 e5 3. dxe5 Ng4 4. Nf3 Bc5 5. e3 Nc6 6. Be2 O-O 7. O-O Ncxe5 8.
Nxe5 Nxe5 9. Nc3 d6 10. Na4 Qf6 11. Nxc5 dxc5 12. Bd2 Rd8 13. Qc2 Bf5 14. Qc1
Qg6 15. Kh1 Nd3 16. Bxd3 Bxd3 17. Re1 Bxc4 18. Qxc4 Rxd2 19. Re2 Rad8 20. Rae1
Qd3 21. Qxd3 R8xd3 22. h3 Kf8 23. Kh2 Ke7 24. e4 b5 25. e5 c4 26. f4 g6 27. Kg1
h5 28. h4 Ke6 29. Kf2 a5 30. Rc1 a4 31. Rc3 Rxe2+ 32. Kxe2 Rxc3 33. bxc3 a3 34.
Ke3 c5 35. Ke4 b4 0-1

[Event "Weekend Vitinia"]
[Site "Roma ITA"]
[Date "1998.11.??"]
[Round "1"]
[White "Farina, Saverio"]
[Black "Puliatti, Carlo"]
[Result "1-0"]
[WhiteElo "2170"]
[BlackElo "1701"]
[PlyCount "115"]
[EventDate "1998.11.07"]

1. d4 Nf6 2. c4 g6 3. Nc3 Bg7 4. e4 O-O 5. Nge2 d6 6. Ng3 e5 7. d5 Nbd7 8. Be2
a5 9. h4 h5 10. Bg5 Nc5 11. Bxh5 gxh5 12. Nxh5 Bh8 13. Qf3 Ncd7 14. Rh3 Re8 15.
Qf5 Nf8 16. Nxf6+ Bxf6 17. Bxf6 Bxf5 18. Rg3+ Bg6 19. Bxd8 Raxd8 20. h5 Kh7 21.
hxg6+ Nxg6 22. Kd2 Kg7 23. Rh1 Rh8 24. Rgh3 Rxh3 25. Rxh3 Kf6 26. g3 c6 27. Rh5
Ke7 28. b3 Rg8 29. Kc2 Rg7 30. Rh1 Kd7 31. Kb2 Ne7 32. Rh8 cxd5 33. Nxd5 Nxd5
34. cxd5 Rg4 35. Rh4 Rg8 36. Rh7 Ke7 37. Kc3 Rc8+ 38. Kd2 b5 39. Rh1 Kd7 40.
Rc1 Rb8 41. Rc6 a4 42. b4 f6 43. Ke3 Rb7 44. f4 Ke7 45. Rc8 Kf7 46. f5 Ke7 47.
Rh8 Rb6 48. Rh7+ Ke8 49. Kf3 Kf8 50. Rc7 Rb8 51. Kg4 a3 52. Kh5 Ra8 53. Kg6 Ra4
54. Kxf6 Ke8 55. Ke6 Kd8 56. Kxd6 Rxb4 57. Ra7 Kc8 58. Kxe5 1-0

[Event "Weekend Vitinia"]
[Site "Roma ITA"]
[Date "1998.11.??"]
[Round "1"]
[White "Ferri, Stefano"]
[Black "Micaloni, Mario"]
[Result "0-1"]
[WhiteElo "2090"]
[BlackElo "1702"]
[PlyCount "126"]
[EventDate "1998.11.07"]

1. d4 Nf6 2. c4 g6 3. Nc3 d5 4. Nf3 Bg7 5. g3 O-O 6. Bg2 dxc4 7. O-O c6 8. Ne5
Nd5 9. Nxc4 Bg4 10. Nxd5 cxd5 11. Ne3 Be6 12. b3 Nc6 13. Bb2 f5 14. Nc2 Qd7 15.
e3 Bf7 16. Qd2 g5 17. f4 g4 18. Rac1 a5 19. a3 Rfb8 20. Ne1 Be8 21. Nd3 b6 22.
Rfd1 e6 23. Rc3 Ra7 24. Rdc1 Qd6 25. R1c2 Rd8 26. Qc1 Nxd4 27. exd4 Bxd4+ 28.
Kh1 Bxc3 29. Rxc3 Bb5 30. Qd2 Rc7 31. Rxc7 Qxc7 32. Bd4 Rc8 33. a4 Bxd3 34.
Qxd3 Qc1+ 35. Bf1 Qe1 36. Kg1 Qe4 37. Bxb6 Qxd3 38. Bxd3 Rb8 39. Bxa5 Rxb3 40.
Bb5 Kf7 41. Kf2 Ke7 42. Bc7 Rb2+ 43. Ke3 Rxh2 44. a5 Rg2 45. a6 Rxg3+ 46. Kf2
Ra3 47. Bb8 Kd8 48. a7 Kc8 49. Bc6 h5 50. a8=Q Rxa8 51. Bxa8 Kxb8 52. Bc6 Kc7
53. Be8 h4 54. Bb5 Kd6 55. Ke3 e5 56. Bf1 d4+ 57. Kd3 h3 58. Kc4 Ke6 59. Kc5 d3
60. Bxd3 g3 61. Bc4+ Kf6 62. Kd5 exf4 63. Kd4 g2 0-1

[Event "Weekend Vitinia"]
[Site "Roma ITA"]
[Date "1998.11.??"]
[Round "1"]
[White "Guarnieri, Giuseppe"]
[Black "Galdelli, Fabiano"]
[Result "1/2-1/2"]
[WhiteElo "1813"]
[BlackElo "1621"]
[PlyCount "90"]
[EventDate "1998.11.07"]

1. d4 Nf6 2. Nf3 e6 3. Bg5 d5 4. Ne5 Be7 5. Bxf6 Bxf6 6. f4 Nd7 7. e3 a6 8. Bd3
c5 9. c3 c4 10. Bc2 g6 11. O-O Bg7 12. Nd2 f5 13. g4 Nf6 14. g5 Ne4 15. Nxe4
fxe4 16. Qg4 O-O 17. b3 Bxe5 18. fxe5 Rf5 19. Rxf5 exf5 20. Qg3 b5 21. a4 Be6
22. b4 Bd7 23. h4 Qe8 24. axb5 axb5 25. Ra5 Be6 26. Qe1 Bd7 27. Qa1 Bc6 28. Kf2
Qf8 29. Kg3 h6 30. Kf4 hxg5+ 31. hxg5 Kg7 32. Ra7+ Rxa7 33. Qxa7+ Qf7 34. Qb8
Qe6 35. Qd8 Bd7 36. Bd1 Kf7 37. Qh8 Ke7 38. Qh7+ Qf7 39. Qh8 Qe6 40. Qb8 Kf7
41. Qc7 Kg8 42. Qd6 Kf7 43. Qb8 Kg7 44. Qd8 Kh7 45. Qf6 Kg8 1/2-1/2

[Event "Weekend Vitinia"]
[Site "Roma ITA"]
[Date "1998.11.??"]
[Round "1"]
[White "Occhipinti, Massimo"]
[Black "Ciotoli, Patrizio"]
[Result "0-1"]
[WhiteElo "1695"]
[BlackElo "1947"]
[PlyCount "64"]
[EventDate "1998.11.07"]

1. e4 d5 2. exd5 Qxd5 3. Nc3 Qa5 4. Bc4 Nf6 5. h3 Bf5 6. Nf3 e6 7. d4 c6 8. Nh4
Ne4 9. O-O Nxc3 10. bxc3 Qxc3 11. Bb3 Bg6 12. Rb1 Nd7 13. d5 cxd5 14. Nxg6 hxg6
15. Bxd5 exd5 16. Qxd5 Qc5 17. Qe4+ Be7 18. Rxb7 Rd8 19. Re1 Rh5 20. Rb5 Qd6
21. Bf4 Qe6 22. Rxh5 gxh5 23. Qxe6 fxe6 24. Rxe6 Kf7 25. Ra6 Bc5 26. Be3 Bb6
27. a4 Nc5 28. Bxc5 Bxc5 29. Kf1 Rd2 30. Rc6 Rxf2+ 31. Ke1 Rxc2 32. g4 Bf2+ 0-1

[Event "Weekend Vitinia"]
[Site "Roma ITA"]
[Date "1998.11.??"]
[Round "1"]
[White "Pierangeli, Andrea"]
[Black "Quimi, Marco"]
[Result "0-1"]
[WhiteElo "1774"]
[BlackElo "2250"]
[PlyCount "136"]
[EventDate "1998.11.07"]

1. e4 c5 2. Nf3 Nc6 3. d4 cxd4 4. Nxd4 g6 5. Be3 Bg7 6. c3 Nf6 7. f3 Qb6 8. Qd2
O-O 9. Nb3 Qc7 10. Na3 a6 11. Rd1 b5 12. Nc2 Rd8 13. Qf2 Rb8 14. Be2 d5 15. O-O
dxe4 16. Rxd8+ Nxd8 17. Ncd4 e5 18. Nc2 exf3 19. Bxf3 Ng4 20. Bxg4 Bxg4 21. Nc5
Bc8 22. Nb4 Qd6 23. Ne4 Qe6 24. Ng5 Qc4 25. Rd1 Bg4 26. Rd5 h6 27. Rc5 Qe2 28.
Ne4 Qd1+ 29. Qf1 Ne6 30. Qxd1 Bxd1 31. Rd5 Be2 32. Nxa6 Ra8 33. Nb4 Bc4 34. Rd7
Bxa2 35. Nd6 Nf8 36. Ra7 Rxa7 37. Bxa7 Bc4 38. Nxc4 bxc4 39. Nd5 Ne6 40. Ne3 f5
41. Nxc4 e4 42. Kf2 Kf8 43. Ne3 Ke7 44. b4 Kd6 45. c4 f4 46. Nc2 g5 47. h3 Kc6
48. Ke2 Bc3 49. Bf2 h5 50. Be1 Bf6 51. Bf2 Be5 52. b5+ Kd6 53. Ba7 Bc3 54. Na3
Nd4+ 55. Bxd4 Bxd4 56. Nb1 g4 57. Nd2 Ke5 58. Nb3 f3+ 59. gxf3 gxf3+ 60. Kf1
Bc3 61. b6 e3 62. Nc1 Ba5 63. b7 Bc7 64. Nb3 Kf4 65. Nd4 Ke4 66. Ne6 e2+ 67.
Kf2 Bg3+ 68. Kxg3 e1=Q+ 0-1

[Event "Weekend Vitinia"]
[Site "Roma ITA"]
[Date "1998.11.??"]
[Round "1"]
[White "Russi, Roberto"]
[Black "Chiaretti, Roberto"]
[Result "0-1"]
[WhiteElo "1600"]
[BlackElo "2220"]
[PlyCount "96"]
[EventDate "1998.11.07"]

1. c4 e6 2. Nc3 d5 3. d4 Be7 4. Nf3 Nf6 5. Bg5 h6 6. Bh4 O-O 7. e3 b6 8. Be2
Bb7 9. O-O Nbd7 10. Rc1 dxc4 11. Bxc4 Ne4 12. Bxe7 Qxe7 13. Nxe4 Bxe4 14. Bd3
Bxd3 15. Qxd3 c5 16. dxc5 Nxc5 17. Qe2 Rfd8 18. Rfd1 Rxd1+ 19. Rxd1 Rd8 20.
Rxd8+ Qxd8 21. Qd2 Qxd2 22. Nxd2 Nd3 23. b3 Kf8 24. a4 Ke7 25. Kf1 Kd6 26. Ke2
Ne5 27. f4 Ng4 28. h3 Nf6 29. Kd3 Kc5 30. e4 Nh5 31. Ke3 Kb4 32. g4 Nf6 33. Kd3
Nd7 34. e5 Nf8 35. f5 Nd7 36. Ke4 Nc5+ 37. Kf4 Nd3+ 38. Ke3 Nxe5 39. Ke4 Nd7
40. Nc4 Kxb3 41. Ne5 Nxe5 42. Kxe5 Kxa4 43. fxe6 fxe6 44. Kxe6 b5 45. Kf7 g5
46. Kg6 b4 47. Kxh6 b3 48. Kxg5 b2 0-1

[Event "Weekend Vitinia"]
[Site "Roma ITA"]
[Date "1998.11.??"]
[Round "1"]
[White "Simeoni, Matteo"]
[Black "Vannelli, Vittorio"]
[Result "1-0"]
[WhiteElo "2035"]
[BlackElo "1741"]
[PlyCount "69"]
[EventDate "1998.11.07"]

1. e4 c5 2. Nf3 d6 3. Bb5+ Bd7 4. Bxd7+ Qxd7 5. c4 g6 6. d3 Bg7 7. O-O Nc6 8.
Ne1 h5 9. f4 Bd4+ 10. Kh1 Nh6 11. Nf3 Ng4 12. Qe2 a6 13. Na3 e5 14. h3 Rb8 15.
Nc2 b5 16. Nfxd4 Nxd4 17. Nxd4 cxd4 18. hxg4 hxg4+ 19. Kg1 bxc4 20. dxc4 f5 21.
exf5 Qh7 22. fxe5 Qh2+ 23. Kf2 O-O 24. Ke1 Qg3+ 25. Kd1 dxe5 26. Bh6 Rxf5 27.
Rxf5 gxf5 28. Rc1 Re8 29. c5 f4 30. Kc2 d3+ 31. Qxd3 Qxg2+ 32. Kb1 e4 33. Qd5+
Kh8 34. Qd4+ Kg8 35. Qg7# 1-0

[Event "Weekend Vitinia"]
[Site "Roma ITA"]
[Date "1998.11.??"]
[Round "1"]
[White "Trebeschi, Andrea"]
[Black "Scacco, Mauro"]
[Result "0-1"]
[WhiteElo "1675"]
[BlackElo "2020"]
[PlyCount "122"]
[EventDate "1998.11.07"]

1. e4 e5 2. Nf3 Nc6 3. Bb5 Nf6 4. d3 Bc5 5. h3 O-O 6. O-O d6 7. c3 a6 8. Ba4 b5
9. Bb3 d5 10. Re1 dxe4 11. dxe4 Qxd1 12. Bxd1 Re8 13. Bg5 h6 14. Bxf6 gxf6 15.
Bb3 Na5 16. Bc2 Nc4 17. b3 Na3 18. Nxa3 Bxa3 19. Rab1 Rd8 20. Red1 Be6 21. Kf1
Kf8 22. Ke2 Ke7 23. Rxd8 Rxd8 24. Rd1 Rg8 25. Nh4 a5 26. Bd3 c6 27. c4 b4 28.
c5 Bb2 29. Ba6 Bd4 30. Rc1 Kd7 31. Kf3 Ra8 32. Bd3 a4 33. Nf5 Bb2 34. Rd1 Kc7
35. Bc2 Ra5 36. bxa4 Bxa2 37. Nxh6 Rxc5 38. Bd3 Rc3 39. Ke2 Bc1 40. Ng4 b3 41.
Rxc1 Rxc1 42. Ne3 b2 43. h4 c5 44. Nd1 b1=Q 45. Bxb1 Bxb1 46. f3 Bc2 47. Nf2
Bxa4 48. h5 Rb1 49. Ng4 c4 50. Nxf6 Kd6 51. h6 Rh1 52. Ng4 c3 53. Ne3 c2 54.
Nxc2 Bxc2 55. g4 Rxh6 56. Kf2 f6 57. Kg3 Bd1 58. f4 exf4+ 59. Kxf4 Rh4 60. Kf5
Rxg4 61. Kxf6 Rxe4 0-1

[Event "Weekend Vitinia"]
[Site "Roma ITA"]
[Date "1998.11.??"]
[Round "1"]
[White "Vignato, Giovanni"]
[Black "Martelli, Andrea"]
[Result "0-1"]
[WhiteElo "2150"]
[BlackElo "1800"]
[PlyCount "56"]
[EventDate "1998.11.07"]

1. d4 e6 2. e3 f5 3. Bd3 Nf6 4. c3 d5 5. f4 Bd6 6. Nf3 O-O 7. O-O c6 8. Bd2 Bd7
9. Be1 Be8 10. Bh4 Bh5 11. Nbd2 Nbd7 12. c4 Qe8 13. c5 Bc7 14. b4 a6 15. a4 Ne4
16. Qc2 h6 17. b5 axb5 18. axb5 Bxf3 19. gxf3 Nxd2 20. Qxd2 Qh5 21. Be7 Rxa1
22. Rxa1 Rf7 23. bxc6 bxc6 24. Ra8+ Kh7 25. Ra7 Rxe7 26. Rxc7 Ne5 27. Qa5 Rxc7
28. Qxc7 Nxd3 0-1

[Event "Weekend Vitinia"]
[Site "Roma ITA"]
[Date "1998.11.??"]
[Round "2"]
[White "Chiaretti, Roberto"]
[Black "Spano' Cuomo, Gaetano"]
[Result "1-0"]
[WhiteElo "2220"]
[BlackElo "1776"]
[PlyCount "105"]
[EventDate "1998.11.07"]

1. d4 Nf6 2. c4 e6 3. Nf3 d5 4. Nc3 Be7 5. cxd5 exd5 6. Bg5 c6 7. Qc2 Nbd7 8.
e3 h6 9. Bf4 g5 10. Bg3 Nf8 11. Bd3 Be6 12. O-O-O Nh5 13. Kb1 Nxg3 14. hxg3 Qa5
15. Nd2 O-O-O 16. Bf5 Kb8 17. Rh2 Rc8 18. Rdh1 c5 19. dxc5 Bxc5 20. Nb3 Qa6 21.
Qd3 Nd7 22. g4 Qxd3+ 23. Bxd3 Bb4 24. Rxh6 Rxh6 25. Rxh6 Nc5 26. Nxc5 Bxc5 27.
Bf5 Bxf5+ 28. gxf5 d4 29. exd4 Bxd4 30. Ne4 Re8 31. f3 g4 32. Rd6 gxf3 33. gxf3
Be3 34. Rd7 Rc8 35. a3 Rc1+ 36. Ka2 Rc7 37. Rd5 Bf4 38. Kb3 Kc8 39. Nc3 Rd7 40.
Kc4 Kd8 41. b3 Rxd5 42. Kxd5 Kd7 43. a4 a6 44. Ne4 Kc7 45. Nf2 Kd7 46. Nd3 Bc7
47. Nc5+ Kc8 48. f6 Bb6 49. Kd6 a5 50. Ne6 Be3 51. f4 b6 52. Ng7 Bxf4+ 53. Ke7
1-0

[Event "Weekend Vitinia"]
[Site "Roma ITA"]
[Date "1998.11.??"]
[Round "2"]
[White "Ciotoli, Patrizio"]
[Black "Farina, Saverio"]
[Result "1/2-1/2"]
[WhiteElo "1947"]
[BlackElo "2170"]
[PlyCount "63"]
[EventDate "1998.11.07"]

1. e4 e6 2. Nc3 d5 3. exd5 exd5 4. d4 c5 5. Bb5+ Nc6 6. Nge2 Nf6 7. O-O a6 8.
Bxc6+ bxc6 9. dxc5 Bxc5 10. Nd4 O-O 11. Nxc6 Qd6 12. Nd4 Re8 13. h3 a5 14. Be3
Ba6 15. Ndb5 Qb6 16. Bxc5 Qxc5 17. a4 d4 18. Ne2 Bxb5 19. axb5 Qxb5 20. Nxd4
Qxb2 21. Ra4 Ne4 22. Qa1 Qb6 23. Nf5 f6 24. Qa2+ Qe6 25. Qxe6+ Rxe6 26. Rfa1
Re5 27. Ne3 Nc3 28. Rc4 Nb5 29. Rca4 Nc3 30. Rc4 Nb5 31. Rca4 Nc3 32. Rc4
1/2-1/2

[Event "Weekend Vitinia"]
[Site "Roma ITA"]
[Date "1998.11.??"]
[Round "2"]
[White "Ferri, Stefano"]
[Black "Russi, Roberto"]
[Result "1-0"]
[WhiteElo "2090"]
[BlackElo "1600"]
[PlyCount "83"]
[EventDate "1998.11.07"]

1. d4 g6 2. g3 Bg7 3. Bg2 c6 4. c4 d6 5. Nc3 Nf6 6. Nf3 O-O 7. O-O Nbd7 8. e4
Qc7 9. h3 e5 10. Be3 h6 11. Qd2 Kh7 12. Rac1 b6 13. d5 c5 14. Nb5 Qb8 15. Nh4
a6 16. Nc3 b5 17. b3 bxc4 18. bxc4 Nb6 19. Rb1 Qc7 20. Qd3 Bd7 21. f4 Nh5 22.
Kh2 Qd8 23. Nf3 exf4 24. gxf4 Rb8 25. Bd2 Qe7 26. Rbe1 Qf6 27. e5 Qf5 28. Re4
Nxf4 29. Bxf4 g5 30. Bd2 Nxc4 31. Nxg5+ hxg5 32. Rxf5 Bxf5 33. Qxc4 Bxe5+ 34.
Rxe5 dxe5 35. Bxg5 Kg6 36. Be3 Rh8 37. Qxa6+ f6 38. Qe2 c4 39. Qxc4 Rb2 40. Kg1
Re8 41. Bc5 Rc2 42. Be4 1-0

[Event "Weekend Vitinia"]
[Site "Roma ITA"]
[Date "1998.11.??"]
[Round "2"]
[White "Galdelli, Fabiano"]
[Black "Vignato, Giovanni"]
[Result "0-1"]
[WhiteElo "1621"]
[BlackElo "2150"]
[PlyCount "138"]
[EventDate "1998.11.07"]

1. e4 c6 2. d4 d5 3. Nc3 dxe4 4. Nxe4 Bf5 5. Ng3 Bg6 6. Nf3 Nd7 7. Bc4 Ngf6 8.
c3 e6 9. Bg5 Bd6 10. Bd3 Bxd3 11. Qxd3 h6 12. Ne4 Qc7 13. Bxf6 gxf6 14. Nxd6+
Qxd6 15. O-O-O O-O-O 16. Kb1 Ne5 17. Qe2 Nxf3 18. Qxf3 f5 19. g3 Qd5 20. Qxd5
cxd5 21. f4 Kd7 22. Rhe1 Kd6 23. Re2 b5 24. b3 h5 25. Red2 Rdg8 26. a4 bxa4 27.
bxa4 h4 28. Rg2 hxg3 29. hxg3 Rh3 30. Rd3 Rh1+ 31. Ka2 Rf1 32. Rh2 Rg1 33. Rh7
Rg2+ 34. Kb1 Ke7 35. Kc1 Rg1+ 36. Kc2 Rg2+ 37. Kc1 R8xg3 38. Rxg3 Rxg3 39. Kb2
Rg2+ 40. Kb3 Kf8 41. Rh8+ Rg8 42. Rh3 Rg4 43. Rh8+ Kg7 44. Ra8 Rxf4 45. Rxa7
Rf1 46. Ka2 f4 47. Rb7 f3 48. Rb2 f2 49. Kb3 f6 50. a5 e5 51. dxe5 fxe5 52. a6
Ra1 53. Rxf2 Rxa6 54. Kb4 Rc6 55. Rf5 Rc4+ 56. Kb5 Re4 57. Kc5 Kg6 58. Rf8 d4
59. cxd4 Rxd4 60. Rf1 Rf4 61. Rg1+ Kf5 62. Rg8 Ra4 63. Rh8 e4 64. Rh5+ Kg4 65.
Rh8 e3 66. Rf8 e2 67. Re8 Kf3 68. Kd5 Ra1 69. Kd4 e1=Q 0-1

[Event "Weekend Vitinia"]
[Site "Roma ITA"]
[Date "1998.11.??"]
[Round "2"]
[White "Gardon, Ermanno"]
[Black "De Carolis, Massimo"]
[Result "1-0"]
[WhiteElo "2110"]
[BlackElo "1726"]
[PlyCount "81"]
[EventDate "1998.11.07"]

1. e4 g6 2. d4 Bg7 3. Nc3 d6 4. Be3 Nf6 5. f3 c6 6. Qd2 h6 7. g4 Nbd7 8. Nge2
Qc7 9. Ng3 b6 10. O-O-O Bb7 11. Be2 O-O-O 12. Rhf1 Kb8 13. f4 Nh7 14. Bf3 e6
15. f5 exf5 16. gxf5 g5 17. Nh5 Bf6 18. h4 Be7 19. Qh2 gxh4 20. Bf4 Bg5 21. Kb1
Bxf4 22. Nxf4 Ng5 23. Bh5 Ba6 24. Rfe1 Nf6 25. Qxh4 Rde8 26. Nh3 Nfh7 27. Nf2
Nf6 28. Re3 Nd5 29. Nxd5 cxd5 30. Rde1 dxe4 31. Nxe4 Nxe4 32. Rxe4 Bb5 33. Re7
Rxe7 34. Rxe7 Qc4 35. Be2 Qd5 36. Bxb5 Qxb5 37. Qh1 d5 38. Rxf7 Re8 39. b3 Qb4
40. Qxd5 Re7 41. Qd8+ 1-0

[Event "Weekend Vitinia"]
[Site "Roma ITA"]
[Date "1998.11.??"]
[Round "2"]
[White "Micaloni, Mario"]
[Black "Guarnieri, Giuseppe"]
[Result "0-1"]
[WhiteElo "1702"]
[BlackElo "1813"]
[PlyCount "116"]
[EventDate "1998.11.07"]

1. e4 e6 2. d4 d5 3. Nc3 Bb4 4. e5 c5 5. a3 Bxc3+ 6. bxc3 Qc7 7. Qg4 f5 8. exf6
Nxf6 9. Bb5+ Nc6 10. Qg3 Qxg3 11. hxg3 O-O 12. Bxc6 bxc6 13. f3 Ba6 14. Bf4 Rf7
15. Kd2 Nd7 16. Re1 Re8 17. Be5 Nb6 18. Ra1 Nc4+ 19. Kc1 Ne3 20. Kd2 Nc4+ 21.
Ke1 Rb7 22. Nh3 Rb2 23. Kd1 Nxe5 24. dxe5 h6 25. Kd2 d4 26. Rhb1 Reb8 27. Rxb2
Rxb2 28. Nf4 Kf7 29. cxd4 cxd4 30. Nd3 Bxd3 31. Kxd3 c5 32. a4 Kg6 33. g4 Kg5
34. g3 g6 35. Rh1 Ra2 36. Rh4 Ra3+ 37. Ke2 h5 38. f4+ Kh6 39. gxh5 Rxg3 40.
hxg6+ Kxg6 41. Rh8 Kf5 42. Kf2 Rc3 43. Rf8+ Ke4 44. Re8 Rxc2+ 45. Kg3 Rc3+ 46.
Kg4 Rc1 47. Rxe6 Rg1+ 48. Kh3 Kxf4 49. Rc6 Kxe5 50. Rxc5+ Ke4 51. Rc7 d3 52.
Re7+ Kf3 53. Rf7+ Ke2 54. Re7+ Kd1 55. Rxa7 d2 56. a5 Rg6 57. Rd7 Re6 58. Rg7
Rc6 0-1

[Event "Weekend Vitinia"]
[Site "Roma ITA"]
[Date "1998.11.??"]
[Round "2"]
[White "Puliatti, Carlo"]
[Black "Occhipinti, Massimo"]
[Result "0-1"]
[WhiteElo "1701"]
[BlackElo "1695"]
[PlyCount "122"]
[EventDate "1998.11.07"]

1. Nf3 g6 2. d4 Bg7 3. e3 Nf6 4. Bd3 O-O 5. Nbd2 d6 6. c4 Nbd7 7. Qc2 e5 8. O-O
Qe7 9. dxe5 dxe5 10. e4 a5 11. b3 Nh5 12. g3 Nc5 13. Be2 Bh3 14. Re1 f5 15. Ba3
f4 16. Bf1 Be6 17. Rad1 b6 18. Bb2 Bg4 19. Be2 Bh3 20. Bf1 Bd7 21. a3 g5 22. b4
Ba4 23. Qc1 axb4 24. axb4 Bxd1 25. Rxd1 Nd7 26. Qc3 Bf6 27. Bh3 Rae8 28. Nf1
Nb8 29. b5 Qg7 30. Bf5 g4 31. Ne1 Kh8 32. Nd3 Qg5 33. Nb4 Ng7 34. Qc2 Nxf5 35.
exf5 e4 36. gxf4 Qxf5 37. Nd5 Bxb2 38. Qxb2+ Kg8 39. Nfe3 Qg6 40. Nxc7 Re7 41.
Ncd5 Rg7 42. f5 Qg5 43. Qe5 Nd7 44. Qe6+ Kh8 45. Nxb6 Nf6 46. Nbd5 h5 47. Nxf6
Rxf6 48. Qxe4 h4 49. Rd4 Rff7 50. Qf4 Qf6 51. Nxg4 Rxg4+ 52. Qxg4 Rg7 53. Kf1
Rxg4 54. Rxg4 h3 55. Rg3 Qxf5 56. Re3 Qg4 57. Ke1 Qg1+ 58. Ke2 Qxh2 59. b6 Qg2
60. Rf3 h2 61. b7 Qxf3+ 0-1

[Event "Weekend Vitinia"]
[Site "Roma ITA"]
[Date "1998.11.??"]
[Round "2"]
[White "Quimi, Marco"]
[Black "Simeoni, Matteo"]
[Result "1-0"]
[WhiteElo "2250"]
[BlackElo "2035"]
[PlyCount "105"]
[EventDate "1998.11.07"]

1. e4 c5 2. Bc4 Nc6 3. Nc3 e6 4. f4 g6 5. Nf3 Bg7 6. O-O Nge7 7. Qe1 O-O 8. f5
gxf5 9. d3 d5 10. exd5 exd5 11. Bb3 Be6 12. Bg5 Qd7 13. Qh4 a6 14. a4 Ng6 15.
Qh5 Rfe8 16. Bh6 f6 17. Rae1 Rad8 18. Nh4 Nxh4 19. Qxh4 Kh8 20. Re3 Bg8 21.
Bxg7+ Qxg7 22. Rxe8 Rxe8 23. Bxd5 Ne7 24. Re1 Ng6 25. Rxe8 Nxh4 26. Rxg8+ Qxg8
27. Bxg8 Kxg8 28. a5 Kf7 29. Na4 Ke6 30. Nxc5+ Kd5 31. Nxb7 Ng6 32. b4 Ne5 33.
Nc5 Nc6 34. c3 Nxa5 35. bxa5 Kxc5 36. Kf2 f4 37. Ke2 Kb5 38. Kd2 Kxa5 39. Kc2
Kb5 40. Kb3 f5 41. c4+ Kc5 42. Kc3 a5 43. d4+ Kc6 44. Kb3 h5 45. Ka4 Kb6 46. h4
Ka6 47. c5 Kb7 48. d5 Ka6 49. d6 Kb7 50. Kxa5 f3 51. gxf3 f4 52. Kb5 Ka8 53.
Kb6 1-0